| 000 | 00588 a2200181 4500 | ||
|---|---|---|---|
| 020 | _a0471033669 | ||
| 040 | _aDLC | ||
| 082 | 0 | 0 | _a516.24 |
| 100 | 1 | _aDurbin, John R. | |
| 245 | 1 | 0 |
_aTrigonometry _cJohn R. Durbin. |
| 260 |
_aNew York : _bWiley, _cc1987. |
||
| 300 |
_a1 v. (various pagings) : _bill. ; _c25 cm. |
||
| 500 | _aIncludes indexes. | ||
| 650 | 0 | _aTrigonometry. | |
| 856 | 4 | 2 |
_3Publisher description _uhttp://www.loc.gov/catdir/description/wiley033/86028193.html |
| 856 | 4 | 2 |
_3Table of Contents _uhttp://www.loc.gov/catdir/toc/onix04/86028193.html |
| 942 |
_cBK _k516.24 DUR _2ddc |
||
| 999 |
_c7610 _d7610 |
||